000 00209 a2200097 4500
001 18625
100 _aTaba tabai
245 _aSiratual mutakherin
260 _a
_bNafees academy
_c1968
090 _c13852
_d13852
942 _aNUST-CAE
_cM
_c4283
999 _c253698
_d253698